[Event "Chigorin Memorial"]
[Site "St Petersburg RUS"]
[Date "2013.10.13"]
[Round "9.78"]
[White "Opanasenko, Mikhail"]
[Black "Rjanova, Valery"]
[Result "0-1"]
[BlackTitle "WFM"]
[WhiteElo "2009"]
[BlackElo "2192"]
[WhiteFideId "24176834"]
[BlackFideId "24129119"]
[EventDate "2013.10.05"]

1. e4 e5 2. Nf3 Nc6 3. Bb5 Nge7 4. O-O g6 5. c3 a6 6. Ba4 Bg7 7. d4 exd4 8. cxd4
b5 9. Bb3 d6 10. h3 O-O 11. Nc3 Na5 12. Bc2 Bb7 13. Bg5 h6 14. Bf4 Nc4 15. Qc1
g5 16. Bg3 c5 17. dxc5 dxc5 18. Rd1 Qb6 19. Bb3 Rad8 20. Qc2 Na5 21. Nd5 Nxd5
22. Bxd5 Bxd5 23. exd5 Nc4 24. Rab1 f5 25. Qc1 f4 26. Bh2 Qd6 27. b3 Nb6 28. Qa3
Nxd5 29. Rbc1 b4 30. Qa5 Bc3 31. Rd3 Qb6 32. Qxb6 Nxb6 33. Rcd1 Rxd3 34. Rxd3 c4
35. bxc4 Nxc4 36. Rd5 Rf6 37. h4 g4 38. Nd4 Nb6 39. Rd8+ Kf7 40. Ne2 Be5 41. Kh1
a5 42. Bg1 a4 43. f3 g3 44. Nd4 Ke7 45. Rh8 Bxd4 46. Bxd4 Rc6 47. Rb8 Rc1+ 48.
Bg1 Nd5 49. Ra8 Nc3 50. Rc8 b3 51. axb3 axb3 52. h5 Rxg1+ 53. Kxg1 b2 0-1

[Event "Chigorin Memorial"]
[Site "St Petersburg RUS"]
[Date "2013.10.13"]
[Round "9.79"]
[White "Kuzmin, Egor"]
[Black "Kazakovskiy, Valeriy"]
[Result "1/2-1/2"]
[WhiteElo "2190"]
[BlackElo "2051"]
[WhiteFideId "24101737"]
[BlackFideId "13507443"]
[EventDate "2013.10.05"]

1. d4 Nf6 2. c4 g6 3. Nc3 d5 4. e3 Bg7 5. Nf3 O-O 6. Be2 c5 7. dxc5 Qa5 8. cxd5
Nxd5 9. Qxd5 Bxc3+ 10. bxc3 Qxc3+ 11. Qd2 Qxa1 12. O-O Qg7 13. Bb2 f6 14. Ng5
Nc6 15. Bc4+ Kh8 16. f4 Bg4 17. Be6 Rad8 18. Qc2 Bxe6 19. Nxe6 Qf7 20. Nxf8 Rxf8
21. Rd1 Qe6 22. Kf2 Rd8 23. Rxd8+ Nxd8 24. e4 Nc6 25. Ke3 Kg8 26. Qb3 Qxb3+ 27.
axb3 f5 28. exf5 gxf5 29. Kd3 e6 30. Kc4 a6 31. b4 Kf7 32. b5 Na7 33. Kb4 axb5
34. Ka5 Nc8 35. Kxb5 Ke8 36. Bf6 Kd7 37. Be5 Ne7 38. h3 h5 39. Kb6 Kc8 40. Kb5
Kd7 41. Bc3 Nd5 42. Bd2 Ne7 43. Bc1 Nd5 44. Kc4 Ne7 45. Kd3 Nd5 46. Kc4 Ne7 47.
Kd4 Ng6 48. g3 1/2-1/2

[Event "Chigorin Memorial"]
[Site "St Petersburg RUS"]
[Date "2013.10.13"]
[Round "9.80"]
[White "Pershin, Denis"]
[Black "Radkov, Bazhen D."]
[Result "1-0"]
[WhiteElo "2190"]
[BlackElo "2027"]
[WhiteFideId "24165506"]
[BlackFideId "24170593"]
[EventDate "2013.10.05"]

1. e3 Nf6 2. Nf3 g6 3. Be2 Bg7 4. O-O O-O 5. b3 d5 6. Bb2 c6 7. h3 Re8 8. d4
Nbd7 9. Nbd2 b6 10. c4 Bb7 11. Qc2 Rc8 12. b4 c5 13. dxc5 bxc5 14. b5 e5 15.
cxd5 e4 16. Nh2 Bxd5 17. Nc4 Bxc4 18. Bxc4 Nb6 19. Rfd1 Qe7 20. a4 h5 21. a5
Nxc4 22. Qxc4 Nd7 23. Bxg7 Kxg7 24. Nf1 Nf6 25. Nd2 Qc7 26. Nb3 Re5 27. Rac1 Rg5
28. Rd2 Qe5 29. b6 axb6 30. axb6 Rb8 31. Nxc5 Rxb6 32. Nd7 Nxd7 33. Rxd7 Re6 34.
Rb1 Re7 35. Rxe7 Qxe7 36. Rb4 Re5 37. Qd4 Qf6 38. Rb6 Qe7 39. Rb5 f6 40. Rxe5
Qxe5 41. Qxe5 fxe5 42. Kf1 Kf6 43. Ke2 g5 44. Kd2 Ke6 45. Kc3 Kd5 46. Kb4 h4 47.
Kb5 Kd6 48. Kb6 Ke7 49. Kc7 Ke6 50. Kc6 Kf6 51. Kd6 Kf5 52. Kd5 Kf6 53. Kxe4 Ke6
54. Kf3 Kf6 55. e4 Kf7 56. Kg4 Kg6 57. f3 1-0

[Event "Chigorin Memorial"]
[Site "St Petersburg RUS"]
[Date "2013.10.13"]
[Round "9.81"]
[White "Kalinin, Nikita"]
[Black "Kharchenko, Daniil"]
[Result "1-0"]
[WhiteElo "2167"]
[BlackElo "2023"]
[WhiteFideId "24155390"]
[BlackFideId "24101664"]
[EventDate "2013.10.05"]

1. e4 c5 2. Nf3 Nc6 3. d4 cxd4 4. Nxd4 g6 5. Nc3 Bg7 6. Be3 Nf6 7. Nxc6 bxc6 8.
e5 Ng8 9. f4 Nh6 10. Qd2 O-O 11. O-O-O d5 12. h3 f6 13. exf6 Bxf6 14. g4 Nf7 15.
Bg2 Kh8 16. Bd4 Nd6 17. g5 Nc4 18. gxf6 exf6 19. Qf2 Qa5 20. Bf1 1-0

[Event "Chigorin Memorial"]
[Site "St Petersburg RUS"]
[Date "2013.10.13"]
[Round "9.82"]
[White "Doronkin, Grigory"]
[Black "Semenova, Elena1"]
[Result "0-1"]
[BlackTitle "WIM"]
[WhiteElo "1981"]
[BlackElo "2163"]
[WhiteFideId "24164305"]
[BlackFideId "24125148"]
[EventDate "2013.10.05"]

1. d4 d5 2. c4 e5 3. dxe5 d4 4. Nf3 Nc6 5. g3 Nge7 6. Bg2 Ng6 7. O-O Ngxe5 8.
Nxe5 Nxe5 9. b3 Bc5 10. Bb2 O-O 11. Nd2 Be7 12. Nf3 Nxf3+ 13. Bxf3 c5 14. Qd3
Qc7 15. Rad1 Bh3 16. Rfe1 Bg5 17. Bg2 Bxg2 18. Kxg2 Rfe8 19. Qf3 Re6 20. Bc1
Bxc1 21. Rxc1 Rae8 22. Rcd1 h6 23. Rd2 Qe7 24. Qd3 b6 25. Rb2 h5 26. h4 Re4 27.
Qf3 Qe5 28. Rd2 g6 29. a3 Re6 30. b4 Rf6 31. Qd3 Rxf2+ 32. Kxf2 Re3 33. Rg1 Rxd3
34. Rxd3 Qf5+ 35. Kg2 Qe6 36. Kf2 Qxc4 37. Rgd1 Qe6 38. bxc5 bxc5 39. R1d2 Qf5+
40. Ke1 Kg7 41. Rf3 Qe5 42. Rf4 f6 43. Rd3 g5 44. hxg5 fxg5 45. Rf2 c4 46. Rdf3
d3 47. Rf5 Qa1+ 48. Kd2 Qb2+ 49. Ke3 d2 50. Rd5 Qb6+ 0-1

[Event "Chigorin Memorial"]
[Site "St Petersburg RUS"]
[Date "2013.10.13"]
[Round "9.83"]
[White "Lazarev, Alexander A."]
[Black "Tkachev, Ivan"]
[Result "0-1"]
[WhiteElo "1945"]
[BlackElo "2156"]
[WhiteFideId "34109452"]
[BlackFideId "4186885"]
[EventDate "2013.10.05"]

1. e4 d5 2. exd5 Qxd5 3. Nf3 Bg4 4. Nc3 Qd8 5. h3 Bh5 6. Bc4 e6 7. Ne4 Nd7 8.
Ng3 Bg6 9. d4 Bd6 10. Bg5 Ngf6 11. Bh4 c6 12. c3 Qb6 13. Qe2 O-O 14. O-O Bf4 15.
Ng5 e5 16. N5e4 Nxe4 17. Nxe4 exd4 18. Rad1 Rae8 19. Rxd4 c5 20. Rxd7 Rxe4 21.
Qd3 Rd4 22. Rxf7 Rxf7 23. Bxf7+ Kxf7 24. Qf3 Re4 25. Bg5 Qd6 26. g3 Qe6 27. Kh2
Bf5 28. gxf4 h6 29. Bd8 Qd6 30. Rd1 Qxf4+ 31. Qxf4 Rxf4 32. Kg3 g5 33. Re1 Be6
34. Bc7 Rh4 35. Rh1 Bxa2 36. Ra1 Be6 37. Rxa7 Rxh3+ 38. Kg2 Rd3 39. Bb6 Bd5+ 40.
Kh2 c4 41. Be3 Kg6 42. Ra1 Kf5 43. Rg1 Bf3 44. Rg3 g4 45. Rg1 h5 46. Kg3 h4+ 47.
Kh2 Be4 48. Ra1 g3+ 49. Kg1 Rxe3 50. fxe3 h3 51. Rf1+ Kg5 52. Rf4 h2+ 53. Kf1
h1=Q+ 0-1

[Event "Chigorin Memorial"]
[Site "St Petersburg RUS"]
[Date "2013.10.13"]
[Round "9.84"]
[White "Ustinov, Alexey"]
[Black "Solak, Rade"]
[Result "1/2-1/2"]
[WhiteElo "2125"]
[BlackElo "1977"]
[WhiteFideId "24126209"]
[BlackFideId "923591"]
[EventDate "2013.10.05"]

1. Nc3 Nc6 2. d4 d5 3. Bg5 Bf5 4. Nf3 f6 5. Bh4 e6 6. e3 h5 7. h3 g5 8. Bg3 h4
9. Bh2 Bd6 10. Bd3 Nh6 11. Bxd6 Qxd6 12. Bxf5 Nxf5 13. Qd2 O-O-O 14. O-O-O Na5
15. b3 Qa3+ 16. Kb1 Nd6 17. Ne1 Nac4 18. Qc1 Qb4 19. Ne2 Ne4 20. Nd3 Na3+ 21.
Ka1 Qa5 22. Qb2 Rd6 23. f3 Ng3 24. Nxg3 hxg3 25. c3 Rb6 26. b4 Qa6 27. Nc5 Nc4
28. Nxa6 Nxb2 29. Kxb2 bxa6 30. Ka3 Kd7 31. e4 a5 32. Rb1 Rhb8 33. h4 axb4+ 34.
Rxb4 Rh8 35. h5 f5 36. exd5 exd5 37. Rxb6 axb6 38. h6 Ke6 39. Kb4 c6 40. a4 f4
41. a5 bxa5+ 42. Kxa5 Kf5 43. Kb6 g4 44. fxg4+ Kxg4 45. Kxc6 f3 46. gxf3+ Kxf3
47. Kxd5 g2 48. Rg1 Rxh6 49. c4 Rh1 50. Rxg2 Kxg2 51. c5 Kf3 52. c6 Ke3 53. c7
Rh8 54. Kc6 1/2-1/2

[Event "Chigorin Memorial"]
[Site "St Petersburg RUS"]
[Date "2013.10.13"]
[Round "9.85"]
[White "Androsov, Sergey"]
[Black "Shagdurov, Denis"]
[Result "0-1"]
[WhiteElo "2114"]
[BlackElo "1967"]
[WhiteFideId "4102681"]
[BlackFideId "24136735"]
[EventDate "2013.10.05"]

1. e4 c6 2. Nc3 d5 3. Nf3 dxe4 4. Nxe4 Nf6 5. Qe2 Bf5 6. Nxf6+ gxf6 7. d4 Qd5 8.
Be3 e5 9. c3 Nd7 10. Qd2 Qe4 11. Ng1 Nb6 12. f3 Qd5 13. b3 O-O-O 14. Ne2 h5 15.
c4 Qe6 16. Kf2 exd4 17. Nxd4 Qe5 18. Bd3 Bxd3 19. Qxd3 Bc5 20. Rad1 Rhe8 21.
Qf5+ Nd7 22. Qxe5 Nxe5 23. h3 Rd7 24. f4 Bxd4 25. Rxd4 Nd3+ 26. Kf3 Ne1+ 27. Kf2
Nxg2 28. Rxd7 Kxd7 29. Rd1+ Kc8 30. Kxg2 Rxe3 31. Rd6 Re2+ 32. Kg3 Rxa2 33. Rxf6
Rb2 34. Rxf7 Rxb3+ 35. Kh4 a5 36. Rf5 b5 37. Re5 a4 38. f5 a3 39. f6 a2 40. Re1
Rf3 41. cxb5 cxb5 42. Ra1 Rxf6 43. Rxa2 Rf5 44. Ra7 b4 45. Ra2 Kc7 46. Rb2 Rb5
47. Rc2+ Kd6 48. Rd2+ Ke6 49. Re2+ Kf6 50. Rf2+ Kg6 51. Rg2+ Kh6 52. Rb2 b3 53.
Kg3 Kg5 54. Kf3 Kh4 55. Kg2 Rb4 56. Kh2 Kg5 57. Kg3 h4+ 58. Kf3 Kf5 59. Ke3 Ke5
60. Rb1 b2 0-1

[Event "Chigorin Memorial"]
[Site "St Petersburg RUS"]
[Date "2013.10.13"]
[Round "9.87"]
[White "Korchagina, Viktoria"]
[Black "Fedoseeva, Valentina"]
[Result "1-0"]
[WhiteTitle "WFM"]
[WhiteElo "2079"]
[BlackElo "1950"]
[WhiteFideId "4197224"]
[BlackFideId "4169875"]
[EventDate "2013.10.05"]

1. e4 e5 2. Nf3 Nc6 3. Bb5 a6 4. Ba4 Nf6 5. O-O Be7 6. Re1 b5 7. Bb3 O-O 8. c3
d6 9. h3 Nb8 10. d4 Nbd7 11. Nbd2 Bb7 12. Bc2 Re8 13. a4 Bf8 14. Bd3 c6 15. b3
Qc7 16. Qc2 g6 17. Ba3 Bg7 18. Bf1 Nh5 19. g3 Bf6 20. Rad1 Ng7 21. Bg2 Ne6 22.
Nf1 c5 23. d5 Ng7 24. c4 b4 25. Bc1 Be7 26. g4 f6 27. Ng3 a5 28. Bf1 Bc8 29. Bd3
Nf8 30. Nh2 Bd8 31. Nhf1 Qe7 32. Ne3 Nd7 33. Kg2 Rb8 34. Rh1 Kf7 35. h4 h6 36.
Qe2 Qf8 37. Nc2 Nb6 38. Bxh6 Ke7 39. Ne3 Kd7 40. h5 Qf7 41. hxg6 Qxg6 42. Bxg7
Qxg7 43. Nef5 Qg8 44. Rh2 Kc7 45. Rdh1 Bd7 46. Rh7 Nc8 47. Rg7 Qf8 48. Rhh7 Ne7
49. Qf3 Rb6 50. Rf7 Qg8 51. Nxe7 Bxe7 52. Rxe7 Rxe7 53. Rxe7 Rb8 54. Be2 Rf8 55.
Qf5 1-0

[Event "Chigorin Memorial"]
[Site "St Petersburg RUS"]
[Date "2013.10.13"]
[Round "9.88"]
[White "Gudkina, Zhanna"]
[Black "Zherebtsova, Alexandra"]
[Result "0-1"]
[WhiteElo "1846"]
[BlackElo "2078"]
[WhiteFideId "24102318"]
[BlackFideId "24129518"]
[EventDate "2013.10.05"]

1. e4 e5 2. Nf3 Nc6 3. Bb5 a6 4. Ba4 Nf6 5. O-O Be7 6. Re1 b5 7. Bb3 O-O 8. h3
d6 9. c3 Na5 10. Bc2 c5 11. d4 Qc7 12. Nbd2 Bd7 13. Nf1 Rac8 14. Ne3 Rfe8 15. d5
g6 16. Kh2 Bf8 17. g4 Bg7 18. Rg1 Rf8 19. Nh4 Qd8 20. g5 Ne8 21. Nef5 Kh8 22. b3
f6 23. Qg4 gxf5 24. Qh5 f4 25. Ng6+ Kg8 26. Nxf8 Kxf8 27. g6 hxg6 28. Qxg6 Qe7
29. h4 Qf7 30. Bd2 Nc7 31. Bd1 Qxg6 32. Rxg6 Kf7 33. Bh5 Rg8 34. Rag1 Kf8 35.
Bf3 Be8 36. R6g2 Rh8 37. Kh3 Bh6 38. Rh2 Bg5 39. Kg2 Rxh4 40. Rxh4 Bxh4 41. Rh1
Bg5 42. Kh3 Bg6 43. Kg4 Kg7 44. Rb1 c4 45. Bh1 Nxd5 46. b4 Nb7 47. a4 Nb6 48.
axb5 axb5 49. Ra1 Na4 50. f3 Be8 51. Kh3 Bd7+ 52. Kg2 f5 53. Kf2 Kf6 54. Bg2 Bc6
55. Rh1 d5 56. exf5 e4 57. Be1 e3+ 58. Ke2 Nd6 59. Rh8 Nxf5 60. Rf8+ Kg6 61.
Rg8+ Ng7 62. Rc8 Bd7 63. Rc7 Bf5 0-1

[Event "Chigorin Memorial"]
[Site "St Petersburg RUS"]
[Date "2013.10.13"]
[Round "9.89"]
[White "Rubtsov, Daniil"]
[Black "Plotnikov, Vitaly"]
[Result "0-1"]
[WhiteElo "1522"]
[BlackElo "2065"]
[WhiteFideId "34174513"]
[BlackFideId "24118915"]
[EventDate "2013.10.05"]

1. e4 c6 2. Nf3 d5 3. e5 Bg4 4. Be2 Nd7 5. d4 e6 6. h3 Bh5 7. c4 dxc4 8. Bxc4
Nb6 9. Be2 Ne7 10. O-O Ned5 11. Nc3 Be7 12. Nxd5 Nxd5 13. Bc4 O-O 14. Qb3 Nb6
15. g4 Nxc4 16. gxh5 b5 17. Kh2 f5 18. Rg1 Kh8 19. Ng5 Qxd4 20. Nxe6 Qxe5+ 21.
Qg3 Qxg3+ 22. Rxg3 Rf7 23. b3 Bf6 24. Rb1 Nd6 25. Bf4 Ne4 26. Rg2 Re8 27. Nc7
Ree7 28. Rd1 Rxc7 29. Bxc7 Rxc7 30. f3 Nc3 31. Re1 h6 32. Re6 c5 33. Rc2 Nd5 34.
Re8+ Kh7 35. Rce2 Nf4 0-1

[Event "Chigorin Memorial"]
[Site "St Petersburg RUS"]
[Date "2013.10.13"]
[Round "9.90"]
[White "Aseev, Vladimir"]
[Black "Zhivotovskaya, Asya"]
[Result "1/2-1/2"]
[WhiteElo "2064"]
[BlackElo "1755"]
[WhiteFideId "24121371"]
[BlackFideId "24166014"]
[EventDate "2013.10.05"]

1. Nf3 Nf6 2. c4 e6 3. b3 c5 4. g3 d5 5. cxd5 exd5 6. Bg2 Be7 7. O-O O-O 8. d4
b6 9. Bb2 Bb7 10. Ne5 Nc6 11. e3 Ne4 12. Nd2 f6 13. Nd3 cxd4 14. exd4 f5 15. Nf3
Ba6 16. Re1 Rc8 17. a3 Bf6 18. Nf4 Re8 19. Rc1 Qd6 20. h4 h6 21. h5 Kh7 22. Bh3
Qd7 23. Rc2 Bg5 24. Ne5 Nxe5 25. dxe5 Rxc2 26. Qxc2 Bxf4 27. gxf4 Qf7 28. f3
Qxh5 29. fxe4 Qxh3 30. Qf2 dxe4 31. Re3 Qg4+ 32. Rg3 Qh5 33. e6 Qd1+ 34. Kh2 g6
35. Qe3 Qc2+ 36. Rg2 Qd3 37. Qc1 Qd6 38. Qc3 Rg8 39. Qf6 Qf8 40. Qe5 Qb8 41. Qf6
Qxf4+ 42. Kg1 Qe3+ 43. Kh2 Qf4+ 1/2-1/2

[Event "Chigorin Memorial"]
[Site "St Petersburg RUS"]
[Date "2013.10.13"]
[Round "9.93"]
[White "Zakharov, Yuri"]
[Black "Pletnev, Evgeniy"]
[Result "0-1"]
[WhiteElo "1891"]
[BlackElo "2278"]
[WhiteFideId "4166620"]
[BlackFideId "24104140"]
[EventDate "2013.10.05"]

1. Nf3 d6 2. g3 f5 3. d4 Nf6 4. Bg2 g6 5. O-O Bg7 6. c3 O-O 7. Qb3+ d5 8. Bg5
Nc6 9. a4 e6 10. Ne5 Qe8 11. Nd3 b6 12. Na3 Ne4 13. Be3 Bd7 14. f3 Nd6 15. Qc2
Rc8 16. Bf2 Kh8 17. b3 e5 18. dxe5 Nxe5 19. Nxe5 Qxe5 20. Bd4 Qe7 21. Bxg7+ Kxg7
22. Qd2 Rfe8 23. Kf2 f4 24. gxf4 Nf5 25. Nc2 Rcd8 26. Rae1 c5 27. e3 Bc6 28. Kg1
c4 29. Nd4 Qf6 30. b4 Bxa4 31. Bh3 Nxd4 32. exd4 Bc6 33. Re5 a5 34. bxa5 bxa5
35. Rfe1 a4 36. Re6 Qh4 37. Bg2 a3 38. R1e5 Rxe6 39. Rxe6 Ra8 40. Rxc6 a2 41.
Rc7+ Kg8 42. Rc8+ Rxc8 43. Qxa2 Qe1+ 0-1

[Event "Chigorin Memorial"]
[Site "St Petersburg RUS"]
[Date "2013.10.13"]
[Round "9.94"]
[White "Sadovsky, Artem"]
[Black "Egorov, Daniil"]
[Result "1-0"]
[WhiteElo "2263"]
[BlackElo "1929"]
[WhiteFideId "4155840"]
[BlackFideId "24171956"]
[EventDate "2013.10.05"]

1. d4 Nf6 2. g3 g6 3. Bg2 Bg7 4. e4 d6 5. Ne2 O-O 6. O-O c5 7. c3 cxd4 8. cxd4
Qb6 9. Nbc3 Nc6 10. h3 Bd7 11. Be3 Qa6 12. Qd2 Na5 13. b3 Rac8 14. Rfc1 b5 15.
e5 b4 16. exf6 bxc3 17. Nxc3 exf6 18. Nd5 Nc6 19. Bh6 Nxd4 20. Ne7+ Kh8 21.
Bxg7+ Kxg7 22. Qxd4 1-0

[Event "Chigorin Memorial"]
[Site "St Petersburg RUS"]
[Date "2013.10.13"]
[Round "9.95"]
[White "Loginov, Anton"]
[Black "Glazov, Anatoly"]
[Result "1-0"]
[WhiteElo "2156"]
[BlackElo "1900"]
[WhiteFideId "4125134"]
[BlackFideId "4192281"]
[EventDate "2013.10.05"]

1. c4 e5 2. Nc3 Nf6 3. Nf3 Nc6 4. e3 d5 5. cxd5 Nxd5 6. Bb5 Nxc3 7. bxc3 Bd7 8.
e4 Bd6 9. O-O a6 10. Be2 O-O 11. d4 Kh8 12. Bb2 f5 13. d5 Ne7 14. c4 Ng6 15. Bd3
f4 16. Be2 Qf6 17. Qc1 c6 18. c5 Bb8 19. d6 Ba7 20. Ba3 Bg4 21. Rb1 Rab8 22. Rb3
Nh4 23. Qb2 Rf7 24. Rb1 Be6 25. Rc3 h5 26. Rcc1 Nxf3+ 27. Bxf3 g5 28. Bb4 g4 29.
Bc3 Qg5 30. Bxe5+ Kh7 31. Be2 Rbf8 32. Bd4 g3 33. Bf3 Rg8 34. Qe2 gxh2+ 35. Kh1
h4 36. Kxh2 h3 37. Rg1 hxg2 38. Rxg2 Qh4+ 39. Kg1 Bh3 40. Rxg8 Kxg8 41. Qc4 Kf8
42. Qxf7+ Kxf7 43. Rxb7+ Kf8 44. Rxa7 Qg5+ 45. Kh2 Qh4 46. Ra8+ Kf7 47. Rh8 Qg5
48. Rxh3 Ke8 49. Rh5 Qg6 50. Rf5 Qh6+ 51. Kg2 Qg6+ 52. Kf1 Qh6 53. Ke2 Qe6 54.
Re5 1-0

[Event "Chigorin Memorial"]
[Site "St Petersburg RUS"]
[Date "2013.10.13"]
[Round "9.98"]
[White "Utkin, Vladimir"]
[Black "Mamyrbay, Assad"]
[Result "1/2-1/2"]
[WhiteElo "2025"]
[BlackElo "1888"]
[WhiteFideId "24112160"]
[BlackFideId "13708880"]
[EventDate "2013.10.05"]

1. Nf3 d5 2. d4 Nf6 3. c4 e6 4. Bg5 Bb4+ 5. Nbd2 h6 6. Bxf6 Qxf6 7. e3 O-O 8. a3
Bxd2+ 9. Qxd2 Nd7 10. Be2 Rd8 11. cxd5 exd5 12. O-O c5 13. dxc5 Nxc5 14. Qd4 Qd6
15. Rad1 Bf5 16. b4 Ne6 17. Qb2 a5 18. Nd4 Nxd4 19. Rxd4 axb4 20. axb4 Rac8 21.
Bf3 Qe5 22. Rfd1 Rc4 23. e4 Rxd4 24. Qxd4 Qxd4 25. Rxd4 Re8 26. Rxd5 Bxe4 27.
Rd4 Bxf3 28. gxf3 Re1+ 29. Kg2 Rb1 30. Rd8+ Kh7 31. Rd4 Kg6 32. Rd6+ Kf5 33. Rb6
g5 34. Rxb7 f6 35. b5 Kf4 36. Rh7 Rxb5 37. Rxh6 f5 38. h4 gxh4 39. Rxh4+ Ke5 40.
Ra4 f4 41. Kh3 Kf5 42. Kh4 Rc5 43. Ra8 Rc2 44. Ra4 Ke6 45. Kg4 Rxf2 46. Kxf4 Rf1
47. Ra6+ Kf7 48. Kg4 Rb1 49. f4 Rb5 50. f5 Rb1 51. Kg5 Rg1+ 52. Kf4 Rf1+ 53. Ke5
Re1+ 1/2-1/2

[Event "Chigorin Memorial"]
[Site "St Petersburg RUS"]
[Date "2013.10.13"]
[Round "9.99"]
[White "Klukin, Kirill"]
[Black "Golubeva, Maria"]
[Result "1/2-1/2"]
[WhiteElo "2024"]
[BlackElo "1864"]
[WhiteFideId "24199273"]
[BlackFideId "24135542"]
[EventDate "2013.10.05"]

1. d4 d5 2. Nf3 Nf6 3. c4 c6 4. e3 a6 5. Nc3 b5 6. b3 Bg4 7. Be2 e6 8. h3 Bh5 9.
O-O Nbd7 10. Bb2 Bd6 11. Ne5 Bxe2 12. Nxe2 Rc8 13. c5 Bb8 14. f4 Ne4 15. a4 Nxe5
16. fxe5 O-O 17. axb5 axb5 18. Nc3 Ng3 19. Rf3 Nf5 20. Ne2 f6 21. Nf4 Qe7 22.
Nd3 fxe5 23. dxe5 Qg5 24. Qc2 Ng3 25. Qd1 Rxf3 26. Qxf3 Rf8 27. Nf4 Qh4 28. Qg4
Qxg4 29. hxg4 Kf7 30. Ra6 Re8 31. Nd3 Ne4 32. Bd4 Ke7 33. Rb6 Kd7 34. Rb7+ Bc7
35. Ra7 Nd2 36. Ra3 Rf8 37. Nb4 Rf1+ 38. Kh2 Rb1 39. Ra7 Kc8 40. Na6 Bd8 41.
Ra8+ Kd7 42. Nb8+ Ke7 43. Nxc6+ 1/2-1/2

[Event "Chigorin Memorial"]
[Site "St Petersburg RUS"]
[Date "2013.10.13"]
[Round "9.100"]
[White "Gadzhiev, Farid"]
[Black "Voronenkov, Sergey"]
[Result "0-1"]
[WhiteElo "1887"]
[BlackElo "2019"]
[WhiteFideId "24194450"]
[BlackFideId "24129674"]
[EventDate "2013.10.05"]

1. e4 e5 2. Nf3 Nf6 3. d4 Nxe4 4. Bd3 d5 5. Nxe5 Bd6 6. O-O O-O 7. c4 c6 8. Nc3
Nxc3 9. bxc3 Nd7 10. Nxd7 Bxd7 11. cxd5 cxd5 12. Qh5 f5 13. Qf3 Qa5 14. Bc2 Rae8
15. Bb3 Re4 16. Bd2 Ba4 17. Rfd1 Bxb3 18. axb3 Qb6 19. Rab1 Qc7 20. h3 b5 21.
Qd3 a6 22. Ra1 Qc6 23. Ra2 Bc7 24. Bc1 Rfe8 25. Kf1 Qe6 26. Bd2 Qd6 27. g3 Qe6
28. Rda1 f4 29. g4 Qg6 30. Qf3 a5 31. c4 bxc4 32. bxc4 Qa6 33. Ra4 dxc4 34. Bxa5
c3+ 35. Kg2 c2 36. Qb3+ Kh8 37. Bxc7 Qc6 38. Rc4 Qd5 39. Qf3 Qxc4 40. Qxe4 Rxe4 0-1

[Event "Chigorin Memorial"]
[Site "St Petersburg RUS"]
[Date "2013.10.13"]
[Round "9.101"]
[White "Larina, Marija"]
[Black "Skafar, Darya"]
[Result "1-0"]
[WhiteTitle "WFM"]
[WhiteElo "2011"]
[BlackElo "1828"]
[WhiteFideId "24113182"]
[BlackFideId "24167169"]
[EventDate "2013.10.05"]

1. e4 d6 2. d4 Nf6 3. Nc3 g6 4. g3 Bg7 5. Bg2 O-O 6. Nge2 e5 7. h3 Nbd7 8. O-O
Re8 9. g4 h6 10. Be3 b6 11. Ng3 Bb7 12. Re1 Rb8 13. Qd2 Kh7 14. a4 a5 15. Rad1
Nf8 16. d5 g5 17. Nf5 Ng6 18. Ne2 Bc8 19. Neg3 Nf4 20. f3 Ng8 21. h4 f6 22. Kf2
Ne7 23. Rh1 Kg6 24. Bxf4 exf4 25. Ne2 Bd7 26. Ned4 Rh8 27. Bf1 Kf7 28. Bb5 Nxf5
29. exf5 Bxb5 30. axb5 Qd7 31. c4 Rbe8 32. Ne6 Reg8 33. h5 Ra8 34. Rhe1 Rhe8 35.
Re2 Bf8 36. Rde1 Rab8 37. Qc3 Bg7 38. Re4 Ra8 39. R1e2 Bh8 40. Qe1 Rac8 41. Nd4
Rxe4 42. Rxe4 Re8 43. Re6 Qc8 44. Nc6 Qd7 45. b4 axb4 46. Qxb4 Qc8 47. Qa4 Bg7
48. Qa7 Bf8 49. Qa1 Bg7 50. Nd4 Qa8 51. Qe1 Bf8 52. Rxe8 Qxe8 53. Qe6+ Qxe6 54.
fxe6+ Ke7 55. Nf5+ Ke8 56. Ke2 Kd8 57. Kd3 Ke8 58. Ke4 Kd8 59. Nd4 Ke7 60. Kf5
Ke8 61. Kg6 Ke7 62. Nf5+ Ke8 63. Kxf6 c5 64. e7 Bxe7+ 65. Nxe7 Kf8 66. Nf5 1-0

[Event "Chigorin Memorial"]
[Site "St Petersburg RUS"]
[Date "2013.10.13"]
[Round "9.102"]
[White "Dushin, Nikolay"]
[Black "Mushak, Alexander"]
[Result "1/2-1/2"]
[WhiteElo "2006"]
[BlackElo "1801"]
[WhiteFideId "4114612"]
[BlackFideId "24134082"]
[EventDate "2013.10.05"]

1. d4 g6 2. g3 Bg7 3. Bg2 d5 4. Nf3 c6 5. Nbd2 Nf6 6. c4 O-O 7. O-O Re8 8. e3
Nbd7 9. b3 b6 10. Bb2 Bb7 11. Re1 e6 12. b4 a6 13. Qb3 b5 14. c5 Qc7 15. a4 h6
16. h3 Ne4 17. Qc2 Nxd2 18. Nxd2 f5 19. f4 Nf6 20. Nb3 Ne4 21. Bxe4 fxe4 22.
axb5 axb5 23. Rxa8 Rxa8 24. Ra1 Bf6 25. Rxa8+ Bxa8 26. Bc3 Qa7 27. Na5 Kh7 28.
h4 Bd8 29. Qd1 Qf7 30. Be1 Bxa5 31. bxa5 Bb7 32. g4 Ba6 33. Qe2 Qb7 34. Bb4 Qe7
35. Qf2 Qf7 36. Qg3 h5 37. gxh5 gxh5 38. Kg2 Qg6 39. Qg5 Qxg5+ 40. fxg5 Kg6 1/2-1/2

[Event "Chigorin Memorial"]
[Site "St Petersburg RUS"]
[Date "2013.10.13"]
[Round "9.103"]
[White "Kazantsev, Nikita"]
[Black "Sokolov, Ilia"]
[Result "1-0"]
[WhiteElo "1999"]
[BlackElo "1792"]
[WhiteFideId "24175633"]
[BlackFideId "34107468"]
[EventDate "2013.10.05"]

1. e4 e6 2. d4 d5 3. e5 c5 4. c3 Qb6 5. Nf3 Nc6 6. a3 Bd7 7. b4 cxd4 8. cxd4 Rc8
9. Bb2 a5 10. b5 Na7 11. Nc3 Be7 12. Bd3 Nh6 13. O-O Nf5 14. Bxf5 exf5 15. Nxd5
Qxb5 16. Nxe7 Kxe7 17. Qd2 Rcd8 18. a4 Qd5 19. Ba3+ Ke8 20. Qg5 Nc6 21. Bd6 Be6
22. Rac1 Kd7 23. Rb1 h6 24. Rxb7+ Ke8 25. Qxg7 1-0

[Event "Chigorin Memorial"]
[Site "St Petersburg RUS"]
[Date "2013.10.13"]
[Round "9.104"]
[White "Shemenko, Georgy"]
[Black "Skvortsov, Sergey"]
[Result "1/2-1/2"]
[WhiteElo "1802"]
[BlackElo "1980"]
[WhiteFideId "34112879"]
[BlackFideId "24188689"]
[EventDate "2013.10.05"]

1. e4 c6 2. d4 d5 3. Nc3 dxe4 4. Nxe4 Bf5 5. Ng3 Bg6 6. h4 h6 7. Nf3 e6 8. h5
Bh7 9. Bd3 Bxd3 10. Qxd3 Nd7 11. Bd2 Ngf6 12. O-O-O Be7 13. Ne4 Nxe4 14. Qxe4
Nf6 15. Qe2 Qc7 16. c4 b5 17. Kb1 b4 18. Ne5 Nd7 19. Nd3 a5 20. Qg4 Bf6 21. Bf4
Qb7 22. Ne5 Nb6 23. Rhe1 O-O-O 24. d5 cxd5 25. cxd5 Rxd5 26. Rc1+ Kd8 27. Nc6+
Kd7 28. Ne5+ Kd8 29. Nxf7+ Qxf7 30. Rxe6 Qd7 31. Bc7+ Qxc7 32. Rxc7 Kxc7 33.
Rxf6 Rhd8 34. Qxg7+ R8d7 35. Rf7 Rd1+ 36. Kc2 Rd2+ 37. Kb1 Rd1+ 38. Kc2 Rd2+ 39.
Kb1 Rd1+ 40. Kc2 Rd2+ 1/2-1/2